000 00881nam a22002057a 4500
005 20230330082148.0
008 230113b sp ||||| |||| 00| 0 spa d
020 _a8495382237
050 0 4 _aKKT2470
_bC38 2001
100 1 _aCatalà i Bas, Alexandre H.
245 1 0 _aLibertad de expresión e información
_b : la jurisprudencia del TEDH y su recepción por el Tribunal Constitucional, hacia un derecho europeo de los derechos humanos
_c / Alexandre H. Català i Bas.
250 _a1a ed.
260 _aValencia :
_bEdiciones Revista General de Derecho,
_c2001
300 _a484 p. ;
_c21 cm.
504 _aIncluye anexo, bibliografia : p. 467-484
650 7 _2lemb
_aLibertad de expresión
_xTribunales constitucionales
_zEspaña
650 7 _2lemb
_aLibertad de información
_xTribunal constitucional
_zEspaña
650 7 _2lemb
_aDerechos humanos
_zEuropa
942 _2lcc
_cLIB
999 _c60919
_d60919